Μετανάστες και μειονότητες : λόγος και πολιτικές

Αποθηκεύτηκε σε:
Λεπτομέρειες βιβλιογραφικής εγγραφής
Άλλοι συγγραφείς: Σκουλαρίκη, Αθηνά (Επιμελητής έκδοσης), Παύλου, Μίλτος (Επιμελητής έκδοσης)
Μορφή: Βιβλίο
Γλώσσα:Greek
Δημοσίευση: Αθήνα : Βιβλιόραμα, 2009
Σειρά:Κέντρο Ερευνών Μειονοτικών Ομάδων. Σειρά Μελετών . Περίοδος Β
Θέματα:
Ετικέτες: Προσθήκη ετικέτας
Δεν υπάρχουν, Καταχωρήστε ετικέτα πρώτοι!

MARC

LEADER 00000nam a2200000 i 4500
001 1/17139
008 111219s2009 gre d
020 |a 978-960-8087-87-3 
035 |l 10111606 
040 |a GR-MY-UA  |b gre  |e aacr 
041 0 |a gre 
082 0 |a 305.809495  |2 (22) 
245 1 0 |a Μετανάστες και μειονότητες :  |b λόγος και πολιτικές /  |c επιμέλεια: Μίλτος Παύλου - Αθηνά Σκουλαρίκη 
260 |a Αθήνα :   |b Βιβλιόραμα,   |c 2009 
300 |a 500 σ.;  |b εικ.;  |c 24 εκ. 
490 1 |a Κέντρο Ερευνών Μειονοτικών Ομάδων. Περίοδος Β' 
504 |a Περιλαμβάνει βιβλιογραφία 
650 0 0 |a Emigration and immigration law  |z Greece. 
650 0 0 |a Immigrants  |x Legal status, laws, etc.  |z Greece. 
651 0 |a Greece  |x Emigration and immigration  |x Government policy. 
700 1 |a Σκουλαρίκη, Αθηνά.  |4 edt 
700 1 |4 edt  |a Παύλου, Μίλτος. 
830 0 |a Κέντρο Ερευνών Μειονοτικών Ομάδων. Σειρά Μελετών  |a . Περίοδος Β 
852 |a INST  |b LESVOS  |e 20111219  |h 304.809495 ΜΕΤ  |p 005100050867  |q 005100050867  |t BK  |y 0 
901 |a BIBL1-2011-3 
909 |a Λ  |b 173242 
920 |a ΜΠΣ ΠΟΛΗ ΚΑΙ ΠΕΡΙΒΑΛΛΟΝ  |y ΛΕΣΒΟΣ  |z 2011-12 
970 |a ΤΖΑΦΕΡΗ  |b ΕΥΑΓΓΕΛΙΑ  |z 2011/12/17